000 00766nam a2200229Ii 4500
003 JO-AjNU
008 230605s9999||||xx |||||||||||||| ||und||
017 _a2002/2/341
020 _a9957-07-301-X
040 _aJO-AjNU
_bara
_erda
_cJO-AjNU
041 _aara
050 1 4 _aBF721.2002
100 3 _aحواشين،مفيد ، م.مشارك حواشين،زيدان,
_eauthor
_915500
245 0 0 _aالتربية الحسية لطفل الروضة
250 _aط1
264 3 1 _aعمان:دار الفكر للطباعة والنشر والتوزيع ، 2002
300 _a104ص
336 _atext
_btxt
_2rdacontent
337 _aunmediated
_bn
_2rdamedia
338 _avolume
_bnc
_2rdacarrier
650 4 _aالتعليم الاساسي-الاطفال
_915501
999 _aA4393
_c7961
_d7961